00385nam a2200121Ia 4500008004100000020001800041050002300059100002000082245007200102260004800174300003400222521000700256140527s9999 xx 000 0 und d a9780194756105 aPE 112b.L486 2011 aScanlon, Jaimie aQ: Skills for success 1 :blistening and speaking /cJaimie Scanlon aNew York :bOxford University Presscc2011. a213 p. :bcol. Ill. ;c25 cm. aGE